000 00571nam a2200205 i 4500
001 bg
100 1 _aSZWEYCER, Michał
245 1 0 _aMetalurgia /
_cMichał Szweycer ; Politechnika Poznańska.
260 _aPoznań :
_bWydaw. PP,
_c1993.
300 _a69, [1] s. :
_brys., wykr., err. ;
_c24 cm.
504 _aBibliogr. s. [70].
650 9 _aMetalurgia
655 _aPodręczniki akademickie
710 _aPOLITECHNIKA POZNAŃSKA (Poznań)
040 _cBPK
041 0 _apol
080 _a669(075.8)
942 _cKS
008 s pl f |000 0 pol
999 _c6374
_d6374
856 _uhttp://koha.tu.koszalin.pl/cgi-bin/koha/opac-detail.pl?biblionumber=6374
_yKatalog online BPK